|
|
|
|
| LEADER |
00000nab a2200000 a 4500 |
| 001 |
vtls000185018 |
| 003 |
SK-MaSNL |
| 005 |
20260304064706.0 |
| 008 |
250422c1984 xo 0 slo |
| 015 |
|
|
|a SNBRB19rr/mm-uuuuu
|
| 035 |
|
|
|a CL0195131
|
| 035 |
|
|
|a urn:nbn:sk:snk-abd006
|
| 035 |
|
|
|a (urnnbn)urn:nbn:sk:snk:ar-007ddv
|
| 035 |
|
|
|a (uuid)c0ec0264-de11-4a1a-8025-a260df36c973
|
| 040 |
|
|
|a SNKBUCL
|b slo
|c SNKBUCL
|e AACR2
|
| 041 |
0 |
|
|a slo
|
| 044 |
|
|
|a xo
|c SK
|
| 080 |
|
|
|a 347.96:061.3(437.6):329.15(437)
|2 1981
|
| 080 |
|
|
|a 061.3(437.6)
|2 1981
|
| 080 |
|
|
|a 329.15(437)
|2 1981
|
| 100 |
1 |
|
|a Gašparík, Tomáš
|4 aut
|9 1352817
|
| 245 |
1 |
0 |
|a Za vyššiu úroveň a účinnosť straníckej práce
|c Tomáš Gašparík
|
| 610 |
|
7 |
|a Komunistická strana Československa
|2 snkbucl
|9 32256
|
| 650 |
0 |
7 |
|a pracovníci justiční
|2 snkbucl
|9 931429
|
| 655 |
|
7 |
|a články z novín a časopisov
|2 snkbucl
|9 267496
|
| 773 |
0 |
|
|t Socialistické súdnictvo
|g Roč. 36, č. 3 (1984), s. 5-11
|
| 850 |
|
|
|a Slovenská národná knižnica
|
| 852 |
|
|
|a Slovenská národná knižnica
|
| 954 |
|
|
|a odborná, vedecká literatúra pôvodná (slovenská)
|2 lita
|
| 957 |
|
|
|a 5210
|
| 958 |
|
|
|a article17
|
| 958 |
|
|
|a RK
|
| 958 |
|
|
|a OND
|
| 958 |
|
|
|a EUIPO
|
| 992 |
|
|
|a RBX
|
| 999 |
|
|
|c 2747542
|d 2749472
|